An investigation of compliance with the Environmental Protection (Duty of Care) Regulations 1991 (Record no. 74683)

MARC details
000 -LEADER
fixed length control field 01267cab a2200253 4500
001 - CONTROL NUMBER
control field ABS68588
008 - FIXED-LENGTH DATA ELEMENTS--GENERAL INFORMATION
fixed length control field 041217n2004 000 0 eng u
035 ## - SYSTEM CONTROL NUMBER
System control number (Sirsi) u128352
100 ## - MAIN ENTRY--PERSONAL NAME
Personal name Bland, M.
245 #3 - TITLE STATEMENT
Title An investigation of compliance with the Environmental Protection (Duty of Care) Regulations 1991
260 ## - PUBLICATION, DISTRIBUTION, ETC.
Date of publication, distribution, etc. 2004
490 ## - SERIES STATEMENT
Series statement Scientific and Technical Review
Volume/sequential designation 5(2) December 2004, 4-10(7)
520 ## - SUMMARY, ETC.
Summary, etc. Describes the methodology used in the Environmental Protection (Duty of Care) Regulations 1991 and presents the results of site-based spot check audits of waste transfer notes. The results show that there is a very low level of compliance with the requirements of the Regulations. Waste transferors are often confused between the waste transfer note documentation required and the requirement to be a registered waste carrier. Includes a review of regulatory powers and enforcement.
590 ## - LOCAL NOTE (RLIN)
Local note ABS
650 ## - SUBJECT ADDED ENTRY--TOPICAL TERM
Topical term or geographic name entry element ENVIRONMENTAL PROTECTION (DUTY OF CARE) REGULATIONS 1991
650 ## - SUBJECT ADDED ENTRY--TOPICAL TERM
Topical term or geographic name entry element WASTE TRANSFERS
650 ## - SUBJECT ADDED ENTRY--TOPICAL TERM
Topical term or geographic name entry element COMPLIANCE
650 ## - SUBJECT ADDED ENTRY--TOPICAL TERM
Topical term or geographic name entry element ENVIRONMENTAL PROTECTION ACT 1990
650 ## - SUBJECT ADDED ENTRY--TOPICAL TERM
Topical term or geographic name entry element DUTY OF CARE
690 ## - LOCAL SUBJECT ADDED ENTRY--TOPICAL TERM (OCLC, RLIN)
Topical term or geographic name as entry element ENVIRONMENTAL AND LAND CONSULTANCY-WASTE MANAGEMENT
700 ## - ADDED ENTRY--PERSONAL NAME
Personal name Grimes, S.
700 ## - ADDED ENTRY--PERSONAL NAME
Personal name Mehta, L.
942 ## - ADDED ENTRY ELEMENTS (KOHA)
Suppress in OPAC 0
Holdings
Withdrawn status Lost status Source of classification or shelving scheme Damaged status Not for loan Home library Current library Shelving location Date acquired Total Checkouts Full call number Barcode Date last seen Copy number Price effective from Koha item type
    Dewey Decimal Classification     London London Journal article 17/12/2004   ABS68588 128352-1001 06/08/2019 1 06/08/2019 Journal article